000 00610nam a2200181Ia 4500
003 GCL
008 140319s9999 xx 000 0 ara d
040 _aGCL /
_cGCL
082 0 4 _a347.06
_bم ق
100 1 _aمحمود محمد هاشم
245 1 0 _aقواعد التنفيذ الجبرى واجراءاته فى قانون المرافعات /
_cمحمود محمد هاشم
260 _a[S.N] :
_bلجنة الاعلام والدراسات المستقبلية ،
_c1991
300 _a395 ص
490 _a
650 0 4 _aالقانون
650 0 4 _aقانون المرافعات
942 _2ddc
_cBK
999 _c55432
_d55432